Využitie priemyselných odpadov pre prípravu rekombinantných enzýmov
Na minha lista:
| Autor principal: | |
|---|---|
| Outros Autores: | |
| Formato: | Manuscrito Livro |
| Idioma: | eslovaco |
| Publicado em: |
2023
|
| Assuntos: | |
| Acesso em linha: | http://is.stuba.sk/zp/portal_zp.pl?podrobnosti=169601 |
| Tags: |
Sem tags, seja o primeiro a adicionar uma tag!
|
MARC
| LEADER | 00000ntm a22000003a 4500 | ||
|---|---|---|---|
| 001 | stuzp94305 | ||
| 003 | SK-STU | ||
| 005 | 20230909221657.3 | ||
| 007 | ta | ||
| 008 | 150427s2015----xo-----f-mn---000-0-slo-d | ||
| 040 | |a STU |b slo | ||
| 041 | 0 | |a slo | |
| 100 | 1 | |a Legíň, Matej |u 044000 |4 aut |U FCHPT Fakulta chemickej a potravinárskej technológie |T FCHPT Ústav biotechnológie |X 91828 |U C4000 |Y 102 |7 91828 | |
| 242 | 0 | 1 | |a Application of Industrial Waste for Production of Recombinant Enzymes |y eng |
| 245 | 1 | 0 | |a Využitie priemyselných odpadov pre prípravu rekombinantných enzýmov |
| 260 | |c 2023 | ||
| 650 | 4 | |a xylanáza |2 slo | |
| 650 | 4 | |a odpadový glycerol |2 slo | |
| 650 | 4 | |a fermentácia |2 slo | |
| 650 | 4 | |a obehové hospodárstvo |2 slo | |
| 650 | 4 | |a Pichia pastoris |2 slo | |
| 650 | 4 | |a Pichia pastoris |2 eng | |
| 650 | 4 | |a xylanase |2 eng | |
| 650 | 4 | |a crude glycerol |2 eng | |
| 650 | 4 | |a fermentation |2 eng | |
| 650 | 4 | |a circular economy |2 eng | |
| 700 | 1 | |a Rebroš, Martin |u 044000 |k Z1 |4 ths |U FCHPT Fakulta chemickej a potravinárskej technológie |T FCHPT Ústav biotechnológie |X 4015 |U C4000 |Y 102 |7 A000004015 | |
| 856 | 4 | |u http://is.stuba.sk/zp/portal_zp.pl?podrobnosti=169601 | |